| 000 | 00347pab a2200145 454500 | ||
|---|---|---|---|
| 008 | 180718b1995 xxu||||| |||| 00| 0 eng d | ||
| 100 | _aOommen, M.A. | ||
| 245 |
_aPanchayati raj _ba new challenge to federal finance. |
||
| 260 | _c1995 | ||
| 300 | _ap.17 | ||
| 362 | _a14 Nov | ||
| 650 | _aPanchayat - India | ||
| 773 | _aHindu | ||
| 909 | _a30558 | ||
| 999 |
_c30558 _d30558 |
||